| 000 | 01202cad a2200289 4500 | ||
|---|---|---|---|
| 001 | L158568 | ||
| 008 | 110215n2013 000 0 eng u | ||
| 020 | _a9781783210305 | ||
| 035 | _a(Sirsi) u158568 | ||
| 041 | _aeng | ||
| 100 | 1 | _aIhuah, Paulinus Woka | |
| 111 | 2 |
_aConstruction and Building Research Conference _cIIT Delhi, New Delhi _d10-12 September 2013 |
|
| 245 | 0 | 2 |
_aA framework for the sustainable management of social (public) housing _h[electronic resource] |
| 260 |
_aLondon _bRICS _c2013 |
||
| 490 | 0 |
_aCOBRA _v2013 |
|
| 520 | _aA paper presented at the COBRA Conference in New Delhi on 10-12 September 2013. Looks into the necessity of developing a framework for the management of social housing estates in a more sustainable manner than is currently prevalent. Focuses on management of social (public) housing estates in the Niger Delta, Nigeria. | ||
| 650 | 2 | 4 | _aCONSTRUCTION AND BUILDING RESEARCH CONFERENCE (COBRA) |
| 650 | 2 | 4 | _aSOCIAL HOUSING |
| 650 | 2 | 4 | _aESTATE MANAGEMENT |
| 650 | 2 | 4 | _aSTAKEHOLDERS |
| 650 | 2 | 4 | _aNIGERIA |
| 651 | 4 | _aAfrica | |
| 690 |
_aResidential property _96266 |
||
| 690 |
_aSustainability _96271 |
||
| 700 | 1 | _aEaton, David | |
| 942 | _n0 | ||
| 999 |
_c115387 _d115387 |
||